| 000 | 00416nam a2200145Ia 4500 | ||
|---|---|---|---|
| 008 | 230917s9999||||xx |||||||||||||| ||und|| | ||
| 040 |
_e35062 _aMAIN |
||
| 041 | _aEnglish | ||
| 082 | _a541.3453 H883I | ||
| 100 | _aHummel, Dieter E | ||
| 245 | 0 | _aIdentification and analysis of surface- Active agents by infrared and chemical methods | |
| 260 |
_aNew York _bInterscience _c1962 |
||
| 300 | _a386 p. | ||
| 942 | _cBK | ||
| 999 |
_c166606 _d166606 |
||